Weldability of Maraging Steels = Zvariteľnosť ocelí typu Maraging /
Salvato in:
| Autore principale: | |
|---|---|
| Natura: | Libro |
| Lingua: | inglese |
| Pubblicazione: |
Bratislava :
Kuracina,
1992
|
| Soggetti: | |
| Tags: |
Nessun Tag, puoi essere il primo ad aggiungerne!!
|
MARC
| LEADER | 00000nam a22000003a 4500 | ||
|---|---|---|---|
| 001 | stu39733 | ||
| 005 | 20150617225725.5 | ||
| 008 | 930224s1992----cs------------------eng-d | ||
| 040 | |a STU |b slo | ||
| 041 | 0 | |a eng | |
| 044 | |a cs | ||
| 080 | |a 669.14.018 | ||
| 080 | |a 539.51 | ||
| 100 | 1 | |a Ryban, Dušan |4 aut |u M140 |T MTF Katedra zvárania |U M140 |Y M140 | |
| 245 | 1 | |a Weldability of Maraging Steels = Zvariteľnosť ocelí typu Maraging / |c [aut.]Dušan Ryban | |
| 260 | |a Bratislava : |b Kuracina, |c 1992 | ||
| 300 | |a 3 s | ||
| 650 | 7 | |a zvariteľnosť |2 stusub | |
| 650 | 7 | |a ocele Maraging |2 stusub | |
| 650 | 7 | |a preklady |2 stusub | |
| 996 | |b MP 109 |c M*P-109 |l MMKN |s A |a 24 |w stu39733_0001 | ||